• 首页
  • 本馆介绍
  • 公告通知
  • 最新文献
  • 馆藏检索
  • 电子资源
  • 读者导购
  • 参考咨询
  • 我的图书馆
  • 登录
  • 详细信息显示
  • 放入我的书架
  • 预约/预借图书
  • 作者相关作品
  • 分类相关作品
  • 丛书相关作品
  • 出版社相关作品

书目信息

  • 表格格式
  • 工作单格式
  • 卡片格式
题名:
青少年学作曲
    
 
作者: 龚耀年 著
分册:  
出版信息: 上海   上海音乐出版社  1994.12
页数: 157页
开本: 32开
丛书名: "青少年学音乐"系列丛书
单 册:
中图分类: J614.5
科图分类:
主题词: 音乐--技术--理论 , 音乐--技术--方法
电子资源:
ISBN: 7-80553-552-3
000 00615nam0 2200229 45
001 0006151095
005 20031219104045.6
010    @a7-80553-552-3@dCNY5.00
100    @a20000615d1994 km y0chiy0120 ea
101    @achi
105    @a z 000yy
200 1  @a青少年学作曲@f龚耀年著
210    @a上海@c上海音乐出版社@d1994.12
215    @a157页@d32开
225    @a"青少年学音乐"系列丛书
410    @12001 @a"青少年学音乐"系列丛书
606 0  @a音乐@x技术@x理论
606 0  @a音乐@x技术@x方法
690    @aJ614.5@v1
701    @a龚耀年@4著
801    @aCN@bTSTC@c20000703
905    @b289557-561@dJ614.5@e169@f5
    
    青少年学作曲/龚耀年著.-上海:上海音乐出版社,1994.12
    157页;32开.-("青少年学音乐"系列丛书)
    
    
    ISBN 7-80553-552-3:CNY5.00
    
●
相关链接 在E读中查询图书 在五车中查询图书 在当当中查询图书 在豆瓣中查询图书


正题名:青少年学作曲     索取号:J614.5/169         预约/预借

序号 登录号 条形码 馆藏地/架位号 状态 备注
1 0289557   002895576   第一借阅区/ [索取号:J614.5/169] 在馆    
2 0289558   002895585   第一借阅区/ [索取号:J614.5/169] 在馆    
3 0289559   002895594   第一借阅区/ [索取号:J614.5/169] 在馆    
4 0289560   002895601   第一借阅区/ [索取号:J614.5/169] 在馆    
5 0289561   002895610   第一样本阅览室/ [索取号:J614.5/169] 在馆    
唐山师范学院图书馆 欢迎您!
大连网信软件有限公司© 版权所有